| 000 | 00506nam a22001697a 4500 | ||
|---|---|---|---|
| 082 | _aBE-EE-3 | ||
| 100 |
_aIrfanullah Khan _992792 |
||
| 245 | _aIrrigature | ||
| 260 |
_aIslamabad _bNUST-SEECS _c2015 |
||
| 300 |
_a90 _eCD Include |
||
| 500 | _aSupervisors: Dr. Shahzad Younis, Dr. Hammad Mehmood Cheema | ||
| 700 |
_aMuhammad Momin, _992793 |
||
| 700 |
_aSyed Usama Aziz, _992794 |
||
| 700 |
_aTaymoor Ilyas _992795 |
||
| 856 | _uhttp://10.250.8.41:8080/xmlui/handle/123456789/10816 | ||
| 942 |
_cPR _2ddc |
||
| 999 |
_c13257 _d13257 |
||